| 000 | 00442nam a2200145 a 4500 | ||
|---|---|---|---|
| 001 | 000044407 | ||
| 005 | 20201002045342.0 | ||
| 008 | 140627s2014 bl 000 0 spa d | ||
| 040 |
_aDO-SdBNP _bspa _cBNPHU |
||
| 082 |
_axxxx _bxxxx |
||
| 100 | 1 |
_aRizzo, Ricardo _972420 |
|
| 245 | 1 | 0 |
_aRoberta, ou simplesmente Betinha / _cRicardo Rizzo. |
| 260 |
_a[São Paulo, Brazil] : _bAtahualpa Ricardo Ramos Rizzo, _c[2014?]. |
||
| 300 |
_a115 p. ; _c21 cm. |
||
| 999 |
_c43896 _d43896 |
||